000
00291nam a2200121Ia 4500
005
20251222143313.0
008
251222s9999||||xx |||||||||||||| ||spa||
020
_a
84-02-07364-6
082
_a
828.84/S79
100
_a
"Stevenson, Robert Louis"
245
0
_a
La isla del tesoro
942
_c
LIB
999
_c
15804
_d
15804